| 000 | 00566nam a22002057a 4500 | ||
|---|---|---|---|
| 005 | 20250401163922.0 | ||
| 010 | _aENG-144371 | ||
| 020 |
_a9788119626960 _c350.00 |
||
| 035 | _aEN-127903 | ||
| 037 | _bNiyogi Books | ||
| 037 | _bDBAD | ||
| 082 |
_aS _21 |
||
| 100 |
_aNair, Samyuktha _980070 |
||
| 245 |
_aThe Ballad of Jew Town/ _cSamyuktha Nair |
||
| 250 | _a1 | ||
| 260 |
_aNew Delhi _bNiyogi Books _c2024 |
||
| 270 |
_aBlock D, Building No. 77, Okhla Industrial Area, Phase-I _bNew Delhi _e110020 |
||
| 300 |
_a212p. _c20cm(pb) |
||
| 942 |
_2ddc _cEN _hS _mNAI |
||
| 999 |
_c210625 _d210625 |
||